Central Library OPAC University of Rajshahi

মহামানব গৌতম বুদ্ধ / (Record no. 81464)

MARC details
000 -LEADER
fixed length control field 00838nam a2200229 a 4500
001 - CONTROL NUMBER
control field 81464
003 - CONTROL NUMBER IDENTIFIER
rucl marc code BD-RjUL
005 - DATE AND TIME OF LATEST TRANSACTION
control field 20230528092941.0
008 - FIXED-LENGTH DATA ELEMENTS--GENERAL INFORMATION
fixed length control field 230525r20232018bg ||||| |||| 00| 0 ben d
020 ## - INTERNATIONAL STANDARD BOOK NUMBER
International Standard Book Number 9789847764368
035 ## - SYSTEM CONTROL NUMBER
System control number (BD-RjUL)81464
040 ## - CATALOGING SOURCE
Original cataloging agency BD-RjUL
Language of cataloging eng
Transcribing agency BD-RjUL
041 ## - LANGUAGE CODE
Language code of text/sound track or separate title ben
082 ## - DEWEY DECIMAL CLASSIFICATION NUMBER
Edition number 23
Classification number 294.363
Author mark and year MOH 2023
245 ## - TITLE STATEMENT
Title মহামানব গৌতম বুদ্ধ /
Statement of responsibility, etc. সংকলন ও সম্পাদনা বিধুর ভিক্ষু
260 ## - PUBLICATION, DISTRIBUTION, ETC. (IMPRINT)
Place of publication, distribution, etc. ঢাকা :
Name of publisher, distributor, etc. ঐতিহ্য,
Date of publication, distribution, etc. ২০১৮, [মুদ্রণ ২০২৩]
300 ## - PHYSICAL DESCRIPTION
Pagination ৩৮৮ পৃ.;
Size ২২ সেমি.
650 ## - SUBJECT ADDED ENTRY--TOPICAL TERM
Topical term or geographic name as entry element গৌতম বুদ্ধ
9 (RLIN) 7684
Topical term or geographic name as entry element Gautama Buddha
9 (RLIN) 7685
700 ## - ADDED ENTRY--PERSONAL NAME
Personal name ভিক্ষু, বিধুর (সম্পাদক)
942 ## - ADDED ENTRY ELEMENTS (KOHA)
Source of classification or shelving scheme Dewey Decimal Classification
Koha item type Books
Holdings
Lost status Source of classification or shelving scheme Damaged status Not for loan Collection code Permanent Location Current Location Shelving location Date acquired Source of acquisition Cost, normal purchase price Total Checkouts Full call number Date last seen Copy number Koha item type Date checked out
  Dewey Decimal Classification   Not For Loan Non-fiction Central Library, University of Rajshahi Central Library, University of Rajshahi Reading Room 23/03/2023 Rajshahi : Biddasagar 562.50   B 294.363 MOH 2023 28/05/2023 C-1 Books  
  Dewey Decimal Classification     Non-fiction Central Library, University of Rajshahi Central Library, University of Rajshahi General Stacks 23/03/2023 Rajshahi : Biddasagar 562.50   B 294.363 MOH 2023 28/05/2023 C-2 Books  
  Dewey Decimal Classification     Non-fiction Central Library, University of Rajshahi Central Library, University of Rajshahi General Stacks 23/03/2023 Rajshahi : Biddasagar 562.50 1 B 294.363 MOH 2023 23/02/2025 C-3 Books 06/02/2025